000 00770nam a22001937a 4500
999 _c235879
_d235879
008 201130b ||||| |||| 00| 0 eng d
040 _bger
_cDE-2950
_erda
_aDE-2950
041 _ager
100 _aGutke, Thomas:
245 _aAnklage wegen Drogenhandels.
_bKriminalität: Acht Beschuldigte, die Teil eines Drogenrings in Ostbrandenburg gewesen sein sollen, müssen sich bald am Landgericht in Frankfurt verantworten /
_cThomas Gutke
264 _c2021
653 _aFrankfurt (Oder)
653 _aKriminalität
773 _dFrankfurt (Oder): Märkisches Verlags- und Druckhaus GmbH & Co KG
_g32. Jahrgang (2021) Nr. 157 vom 09.07.2021, S.15. : Foto
_tMärkische Oderzeitung
942 _cA